BIBLIOTECA

SENCICO

Biblioteca Atrium de la decoración : Teoría y principios básicos (Registro nro. 2571)

Detalles MARC
000 -LEADER
fixed length control field 00537nam a2200217Ia 4500
005 - DATE AND TIME OF LATEST TRANSACTION
control field 20251020182546.0
008 - FIXED-LENGTH DATA ELEMENTS--GENERAL INFORMATION
fixed length control field 200515s9999 xx 000 0 und d
082 ## - DEWEY DECIMAL CLASSIFICATION NUMBER
Classification number 747:728/G84D
110 ## - MAIN ENTRY--CORPORATE NAME
Corporate name or jurisdiction name as entry element Océano
245 #0 - TITLE STATEMENT
Title Biblioteca Atrium de la decoración : Teoría y principios básicos
260 ## - PUBLICATION, DISTRIBUTION, ETC.
Place of publication, distribution, etc. Barcelona
260 ## - PUBLICATION, DISTRIBUTION, ETC.
Date of publication, distribution, etc. 1992
650 ## - SUBJECT ADDED ENTRY--TOPICAL TERM
Topical term or geographic name entry element DECORACION
650 ## - SUBJECT ADDED ENTRY--TOPICAL TERM
Topical term or geographic name entry element DISEÑO DE INTERIORES
650 ## - SUBJECT ADDED ENTRY--TOPICAL TERM
Topical term or geographic name entry element ILUMINACION
650 ## - SUBJECT ADDED ENTRY--TOPICAL TERM
Topical term or geographic name entry element LIB
650 ## - SUBJECT ADDED ENTRY--TOPICAL TERM
Topical term or geographic name entry element MOBILIARIO
650 ## - SUBJECT ADDED ENTRY--TOPICAL TERM
Topical term or geographic name entry element PAVIMENTOS
650 ## - SUBJECT ADDED ENTRY--TOPICAL TERM
Topical term or geographic name entry element REVESTIMIENTOS
942 ## - ADDED ENTRY ELEMENTS (KOHA)
Koha item type Libros
Existencias
Fecha de la última vez que lo usaron Pago total Signatura topográfica completa Código de barras Precio efectivo desde Tipo de documento Estado perdido Estado dañado No es para préstamo Retirado Ubicación permanente Ubicación actual Fecha de adquisición
15/05/2020   747:728/G84D Bib-Lima15052571 15/05/2020 Libros         Biblioteca Central Lima Biblioteca Central Lima 15/05/2020